00325pab a2200133 454500008004000000100002000040245003900060260000900099300001000108362001100118650001700129650002500146773002000171180718b2000 xxu||||| |||| 00| 0 eng d aAgarwal, Rashmi aThe erosion of university autonomy c2000 ap.7-8 a13 Nov aUniversities aEducational autonomy aUniversity News